000 00485cam a22001337a 4500
008 180718b1955 xxu||||| |||| 00| 0 eng d
082 _aB12x5442 S089
100 _aSovani, N.V.
245 _aFertility survey of Nasik, Kolaba and Satara ( North) districts
_cby N.V. Sovani and Kumudini Dandekar
260 _aPoona
_bGokhale institute of politics and economics
_c1955
300 _axvi,167p
650 _aBombay (Presidency) -Statistics, Vital.Fecundity.
700 _aDandekar, Kumudini
999 _c417453
_d417453